[Event "BL2 West 1112 (Women)"]
[Site "Germany"]
[Date "2011.10.29"]
[Round "1.1"]
[White "Kleymann, Jelena"]
[Black "Engels, Natia"]
[Result "0-1"]
[WhiteElo "2016"]
[BlackElo "2183"]
[PlyCount "70"]
[EventDate "2011.10.29"]
[EventType "team-tourn"]
[EventRounds "7"]
[EventCountry "GER"]
[SourceTitle "EXT 2013"]
[Source "ChessBase"]
[SourceDate "2012.11.22"]
[SourceVersion "1"]
[SourceVersionDate "2012.11.22"]
[SourceQuality "1"]
[WhiteTeam "Dortmund 1875 (W)"]
[BlackTeam "Steinfurt (W)"]
[WhiteTeamCountry "GER"]
[BlackTeamCountry "GER"]

1. e4 c5 2. Nf3 d6 3. d4 cxd4 4. Nxd4 Nf6 5. Nc3 g6 6. Be2 Bg7 7. Be3 0-0 8. Qd2 Nc6 9. h3 d5 10. exd5 Nxd5 11. Nxd5 Qxd5 12. Bf3 Qc4 13. Be2 Qb4 14. c3 Qd6 15. Nxc6 Qxc6 16. Bf3 Qc7 17. 0-0 Rd8 18. Qc2 Bf5 19. Qa4 e5 20. Rfd1 Bd7 21. Qh4 Re8 22. Bg5 Bc6 23. Be2 b5 24. Rd2 Qb7 25. Bf1 e4 26. Rad1 a5 27. Rd6 Rac8 28. Bf6 Bxf6 29. Qxf6 e3 30. fxe3 Qb6 31. R1d4 Qc5 32. Rf4 Bd5 33. Rd7 Qxe3+ 34. Kh1 Qxh3+ 35. Kg1 Qxd7 0-1

[Event "Ruhrgebiet VK3 0708"]
[Site "Germany"]
[Date "2008.02.17"]
[Round "6.5"]
[White "Landscheidt, Heinz"]
[Black "Kleymann, Jelena"]
[Result "1/2-1/2"]
[WhiteElo "1941"]
[BlackElo "2028"]
[PlyCount "53"]
[EventDate "2007.09.16"]
[EventType "team-tourn"]
[EventRounds "9"]
[EventCountry "GER"]
[SourceTitle "EXT 2009"]
[Source "ChessBase"]
[SourceDate "2008.11.26"]
[SourceVersion "1"]
[SourceVersionDate "2008.11.26"]
[SourceQuality "1"]
[WhiteTeam "Bergeborbeck Wacker"]
[BlackTeam "Bergh Wambel"]
[WhiteTeamCountry "GER"]
[BlackTeamCountry "GER"]

1. d4 d5 2. Nf3 Nf6 3. c4 c6 4. Nc3 e6 5. e3 Bd6 6. Bd3 0-0 7. 0-0 Nbd7 8. e4 dxe4 9. Nxe4 Nxe4 10. Bxe4 Nf6 11. Bc2 c5 12. Bg5 Be7 13. Qd3 g6 14. Rfd1 Qc7 15. Qc3 Nh5 16. Bxe7 Qxe7 17. Qe3 cxd4 18. Rxd4 Bd7 19. Ne5 Rad8 20. Nxd7 Rxd7 21. Rxd7 Qxd7 22. Rd1 Qc7 23. Qxa7 Qxc4 24. Bb3 Qe4 25. Qd4 Qxd4 26. Rxd4 Rc8 27. g3 1/2-1/2

[Event "EU Maccabi Games 12th"]
[Site "Rome"]
[Date "2007.07.09"]
[Round "5"]
[White "Kleymann, Jelena"]
[Black "Ni, Viktorija"]
[Result "0-1"]
[WhiteElo "2023"]
[BlackElo "2147"]
[PlyCount "96"]
[EventDate "2007.07.05"]
[EventType "swiss"]
[EventRounds "7"]
[EventCountry "ITA"]
[SourceTitle "CBM 119 Extra"]
[Source "ChessBase"]
[SourceDate "2007.09.04"]
[SourceVersion "1"]
[SourceVersionDate "2007.09.04"]
[SourceQuality "1"]

1. e4 c5 2. Nf3 e6 3. d4 cxd4 4. Nxd4 a6 5. Bd3 Nf6 6. 0-0 Qc7 7. Qe2 d6 8. Kh1 Be7 9. f4 Nbd7 10. c4 b6 11. Nc3 Bb7 12. Nb3 Rc8 13. Be3 Qb8 14. Rf3 g5 15. fxg5 Ng4 16. Rxf7 Nxe3 17. Qh5 Kd8 18. g6 Ne5 19. Rxh7 Kd7 20. Be2 Rcg8 21. Qh3 N5g4 22. Bxg4 Nxg4 23. Rxe7+ Kxe7 24. Qxg4 Qf8 25. Rd1 Qf6 26. Qg3 Qe5 27. Qxe5 dxe5 28. g3 Rxg6 29. Kg2 Rc8 30. Nd2 Rd8 31. Kf3 Rh6 32. h4 Rd6 33. Kf2 Rf6+ 34. Kg2 Rg6 35. Nf1 Bxe4+ 36. Kh2 Rxd1 37. Nxd1 Bf3 38. Nde3 Rg8 39. Kh3 Kf6 40. g4 e4 41. Nd2 Ke5 42. Kg3 Bxg4 43. Nxg4+ Kf5 44. Nb3 Rxg4+ 45. Kh3 Kf4 46. Nd4 Rg3+ 47. Kh2 Rg6 48. Kh3 e5 0-1

[Event "Dortmund Sparkassen op-B"]
[Site "Dortmund"]
[Date "2006.08.04"]
[Round "7"]
[White "Kleymann, Jelena"]
[Black "Hardt, Helmut"]
[Result "0-1"]
[WhiteElo "2028"]
[BlackElo "2009"]
[PlyCount "90"]
[EventDate "2006.07.28"]
[EventType "swiss"]
[EventRounds "9"]
[EventCountry "GER"]
[SourceTitle "CBM 113 Extra"]
[Source "ChessBase"]
[SourceDate "2006.09.14"]
[SourceVersion "1"]
[SourceVersionDate "2006.09.14"]
[SourceQuality "1"]

1. e4 d6 2. d4 Nd7 3. Nc3 c5 4. Nf3 cxd4 5. Nxd4 Ngf6 6. Be3 a6 7. a4 e6 8. Be2 Be7 9. 0-0 0-0 10. Kh1 Nc5 11. f3 e5 12. Nb3 Nxb3 13. cxb3 Be6 14. Bc4 Qd7 15. Rc1 Rac8 16. Nd5 Bxd5 17. Bxd5 b5 18. f4 Ng4 19. Bd2 Rxc1 20. Bxc1 Nf6 21. fxe5 dxe5 22. Be3 Nxd5 23. exd5 f5 24. Bb6 Qd6 25. a5 g6 26. Rf3 Bd8 27. Rc3 Re8 28. Rc6 Qd7 29. b4 e4 30. Bc5 e3 31. Rd6 Qc8 32. Re6 Bg5 33. Rxe8+ Qxe8 34. Qe2 Qe4 35. Kg1 Qb1+ 36. Qf1 Qxb2 37. d6 e2 38. Qe1 Qc2 39. Kf2 Kf7 40. g3 Ke6 41. d7 Kxd7 42. Qa1 Qe4 43. h4 Bf6 44. Qe1 f4 45. Qd2+ Ke8 0-1

[Event "Dortmund Sparkassen op-B"]
[Site "Dortmund"]
[Date "2006.07.30"]
[Round "3"]
[White "Kleymann, Jelena"]
[Black "Whitmire, James David"]
[Result "1-0"]
[WhiteElo "2028"]
[BlackElo "1559"]
[PlyCount "43"]
[EventDate "2006.07.28"]
[EventType "swiss"]
[EventRounds "9"]
[EventCountry "GER"]
[SourceTitle "CBM 113 Extra"]
[Source "ChessBase"]
[SourceDate "2006.09.14"]
[SourceVersion "1"]
[SourceVersionDate "2006.09.14"]
[SourceQuality "1"]

1. e4 c5 2. Nf3 d6 3. d4 cxd4 4. Nxd4 Nf6 5. Nc3 a6 6. Be2 e6 7. a4 b6 8. 0-0 Nbd7 9. Kh1 Bb7 10. f3 d5 11. exd5 Nxd5 12. Nxd5 Bxd5 13. Re1 Bd6 14. c4 Qh4 15. f4 Nf6 16. cxd5 Ne4 17. Bb5+ axb5 18. Rxe4 0-0 19. dxe6 fxe6 20. Nxe6 Rf6 21. Qxd6 Rh6 22. h3 1-0

[Event "Ruhrgebiet VK1 0405"]
[Site "Ruhrgebiet"]
[Date "2005.04.10"]
[Round "9.6"]
[White "Kleymann, Jelena"]
[Black "Blank, Stephan"]
[Result "1-0"]
[WhiteElo "1833"]
[BlackElo "1734"]
[PlyCount "103"]
[EventDate "2004.09.12"]
[EventType "team-tourn"]
[EventRounds "9"]
[EventCountry "GER"]
[SourceTitle "EXT 2006"]
[Source "ChessBase"]
[SourceDate "2005.11.24"]
[SourceVersion "1"]
[SourceVersionDate "2005.11.24"]
[SourceQuality "1"]
[WhiteTeam "Brackel II"]
[BlackTeam "Essen Werden"]
[WhiteTeamCountry "GER"]
[BlackTeamCountry "GER"]

1. e4 c5 2. Nf3 Nc6 3. d4 cxd4 4. Nxd4 e6 5. Nc3 a6 6. a4 d6 7. Be3 Nf6 8. Be2 Be7 9. 0-0 Qc7 10. f4 Nxd4 11. Bxd4 e5 12. Be3 0-0 13. Kh1 Be6 14. f5 Bc4 15. Bd3 Rad8 16. Qe2 Bxd3 17. cxd3 d5 18. Bg5 d4 19. Bxf6 Bxf6 20. Nd5 Qd6 21. Rac1 Rc8 22. Qd2 Rc6 23. g4 h6 24. Rxc6 bxc6 25. Nb6 Rb8 26. Nc4 Qd8 27. Qc2 c5 28. a5 Rb5 29. Ra1 Qb8 30. Ra3 Bd8 31. Qf2 Bc7 32. f6 Qd8 33. fxg7 Kxg7 34. Qf5 Qf6 35. Ra1 Qxf5 36. gxf5 Kf6 37. Kg2 Rb3 38. Rd1 Rb5 39. Kf3 Bxa5 40. Ra1 Bc7 41. Rxa6+ Kg5 42. Ra7 Bb8 43. Rxf7 Rb3 44. Ke2 Kf4 45. Rg7 Bd6 46. f6 Bf8 47. Rg8 Rb8 48. f7 h5 49. Kd2 h4 50. h3 Kf3 51. Nxe5+ Kf2 52. Kc2 1-0

[Event "Dortmund-ch"]
[Site "Dortmund"]
[Date "2005.03.15"]
[Round "8"]
[White "Hillebrand, Carsten"]
[Black "Kleymann, Jelena"]
[Result "1/2-1/2"]
[WhiteElo "1941"]
[BlackElo "1848"]
[PlyCount "121"]
[EventDate "2005.02.28"]
[EventType "swiss"]
[EventRounds "9"]
[EventCountry "GER"]
[SourceTitle "CBM 105 Extra"]
[Source "ChessBase"]
[SourceDate "2005.05.01"]
[SourceVersion "1"]
[SourceVersionDate "2005.05.01"]
[SourceQuality "1"]

1. c4 Nf6 2. Nf3 e6 3. g3 d5 4. Bg2 c6 5. b3 Be7 6. 0-0 0-0 7. Qc2 Nbd7 8. Bb2 b6 9. d3 Bb7 10. Nbd2 Rc8 11. Rac1 b5 12. Qb1 a5 13. e4 Nc5 14. e5 Ne8 15. Ne1 Ba6 16. d4 Nd7 17. c5 b4 18. Nd3 g6 19. Rfe1 Bxd3 20. Qxd3 Nc7 21. Bh3 Re8 22. Re2 Ra8 23. Nf1 a4 24. Rce1 axb3 25. axb3 Bf8 26. Bc1 Bg7 27. Bd2 Qb8 28. Ne3 Qb5 29. Qb1 Reb8 30. Nc2 Qa5 31. Rf1 Rb7 32. Qb2 Qa2 33. Rb1 Nb5 34. Qc1 Raa7 35. Rb2 Qa6 36. Bf1 Qa5 37. Bxb4 Qd8 38. Bd2 Qa8 39. b4 Ra4 40. Re1 Qb8 41. Rb1 Rba7 42. Bd3 Qb7 43. Qd1 Ra2 44. h4 Rxc2 45. Bxc2 Nxd4 46. Bf4 Nb5 47. Rb3 Ra2 48. h5 Rxc2 49. Qxc2 Nd4 50. Qd3 Nxb3 51. Qxb3 Nxc5 52. Qa3 Nd7 53. hxg6 hxg6 54. Qa5 Qb8 55. Rc1 Bxe5 56. Rxc6 Bxf4 57. gxf4 Qxf4 58. Rc8+ Kg7 59. Qa1+ Nf6 60. b5 e5 61. Rc6 1/2-1/2

[Event "Dortmund-ch"]
[Site "Dortmund"]
[Date "2005.03.07"]
[Round "4"]
[White "Martini, Heiko"]
[Black "Kleymann, Jelena"]
[Result "0-1"]
[WhiteElo "1481"]
[BlackElo "1848"]
[PlyCount "72"]
[EventDate "2005.02.28"]
[EventType "swiss"]
[EventRounds "9"]
[EventCountry "GER"]
[SourceTitle "CBM 105 Extra"]
[Source "ChessBase"]
[SourceDate "2005.05.01"]
[SourceVersion "1"]
[SourceVersionDate "2005.05.01"]
[SourceQuality "1"]

1. d4 d5 2. Nf3 Bf5 3. Bf4 e6 4. e3 c5 5. c3 Nd7 6. Bb5 a6 7. Bxd7+ Qxd7 8. 0-0 c4 9. Re1 Nf6 10. Ne5 Qc8 11. Nd2 Be7 12. Ndf3 Nd7 13. Nxd7 Qxd7 14. Ne5 Qc8 15. f3 f6 16. e4 fxe5 17. Bxe5 Bg6 18. exd5 0-0 19. dxe6 Qd8 20. Kh1 Qd5 21. b3 Rac8 22. b4 Rc6 23. a3 Rxe6 24. Ra2 Bd3 25. Rf2 Bh4 26. g3 Bf6 27. Bxf6 Rfxf6 28. Kg1 Kf7 29. Kg2 g5 30. g4 h5 31. h3 h4 32. Rxe6 Rxe6 33. Qd2 Kg6 34. Qd1 Qd6 35. Kh1 Qg3 36. Qg1 Qxh3+ 0-1

[Event "Dortmund-ch"]
[Site "Dortmund"]
[Date "2005.03.03"]
[Round "3"]
[White "Kleymann, Jelena"]
[Black "Flierdl, Lothar"]
[Result "1/2-1/2"]
[WhiteElo "1848"]
[BlackElo "1634"]
[PlyCount "140"]
[EventDate "2005.02.28"]
[EventType "swiss"]
[EventRounds "9"]
[EventCountry "GER"]
[SourceTitle "CBM 105 Extra"]
[Source "ChessBase"]
[SourceDate "2005.05.01"]
[SourceVersion "1"]
[SourceVersionDate "2005.05.01"]
[SourceQuality "1"]

1. Nf3 c5 2. g3 g6 3. Bg2 Bg7 4. 0-0 Nc6 5. c3 e5 6. e4 Nge7 7. d3 0-0 8. Be3 d6 9. Qc1 Bg4 10. h3 Bxf3 11. Bxf3 f5 12. Bg2 Qd7 13. Na3 f4 14. gxf4 exf4 15. Bxf4 Ne5 16. Bxe5 dxe5 17. Qe3 b6 18. Nc2 Rad8 19. Rfd1 Nc6 20. a4 Qe7 21. Qg3 Bh6 22. Ne3 Kh8 23. Nd5 Qd6 24. Qh4 Bf4 25. Qg4 Ne7 26. Kh1 Nxd5 27. exd5 Qf6 28. Be4 Rd6 29. Rg1 Bh6 30. Rg2 Qf4 31. f3 a5 32. Qxf4 Rxf4 33. Rc2 Rf8 34. b4 cxb4 35. cxb4 axb4 36. Rb1 Be3 37. Rxb4 Bc5 38. Rb1 Ra8 39. Ra1 Ra5 40. h4 Kg7 41. Kg2 h6 42. Kg3 Rf6 43. Raa2 Kf7 44. Rcb2 Rd6 45. Rb5 Rxb5 46. axb5 Rd7 47. f4 exf4+ 48. Kxf4 Bd6+ 49. Kf3 g5 50. hxg5 hxg5 51. Kg4 Kf6 52. Rf2+ Bf4 53. Rc2 Rd6 54. Rc8 Ke5 55. Re8+ Kd4 56. Rc8 Ke5 57. Rc4 Be3 58. Bf3 Kf6 59. Re4 Bf4 60. d4 Bd2 61. Re5 Bf4 62. Rf5+ Ke7 63. Re5+ Kf6 64. Rf5+ Ke7 65. Rxf4 gxf4 66. Kxf4 Rh6 67. Ke5 Rd6 68. Bg4 Rd8 69. Be6 Rd6 70. Bf5 Rd8 1/2-1/2

[Event "Unna op"]
[Site "Unna"]
[Date "2004.12.27"]
[Round "2"]
[White "Muschik, Benedikt"]
[Black "Kleymann, Jelena"]
[Result "1/2-1/2"]
[WhiteElo "2207"]
[BlackElo "2012"]
[PlyCount "84"]
[EventDate "2004.12.27"]
[EventType "swiss"]
[EventRounds "7"]
[EventCountry "GER"]
[SourceTitle "CBM 104 Extra"]
[Source "ChessBase"]
[SourceDate "2005.03.01"]
[SourceVersion "1"]
[SourceVersionDate "2005.03.01"]
[SourceQuality "1"]

1. d4 d5 2. c4 c6 3. cxd5 cxd5 4. Bf4 e6 5. e3 Bd6 6. Bxd6 Qxd6 7. Nc3 Bd7 8. Bd3 Nf6 9. f4 Nc6 10. Rc1 Rc8 11. Bb1 0-0 12. Nf3 g6 13. Ne5 Ne8 14. 0-0 Nc7 15. a3 f6 16. Nxd7 Qxd7 17. Na4 b6 18. b4 Nb5 19. Qb3 Ne7 20. Bd3 Nd6 21. Ba6 Rc7 22. Rxc7 Qxc7 23. Qc3 Qd7 24. Nb2 Ne4 25. Qd3 Qc7 26. Nd1 Nf5 27. Nf2 Nfd6 28. g3 Rf7 29. Kg2 Qc6 30. Nxe4 dxe4 31. b5 Qd5 32. Qc3 Qc4 33. Qd2 Rc7 34. Rd1 Nf5 35. g4 Nh4+ 36. Kg3 Nf3 37. Qf2 Qc2 38. Qxc2 Rxc2 39. f5 gxf5 40. gxf5 exf5 41. h4 Kf7 42. Kf4 Rf2 1/2-1/2

[Event "Ruhrgebiet VK1 0405"]
[Site "Ruhrgebiet"]
[Date "2004.11.07"]
[Round "3.5"]
[White "Boost, Juergen"]
[Black "Kleymann, Jelena"]
[Result "0-1"]
[WhiteElo "1896"]
[BlackElo "1833"]
[PlyCount "38"]
[EventDate "2004.09.12"]
[EventType "team-tourn"]
[EventRounds "9"]
[EventCountry "GER"]
[SourceTitle "EXT 2006"]
[Source "ChessBase"]
[SourceDate "2005.11.24"]
[SourceVersion "1"]
[SourceVersionDate "2005.11.24"]
[SourceQuality "1"]
[WhiteTeam "Gerthe"]
[BlackTeam "Brackel II"]
[WhiteTeamCountry "GER"]
[BlackTeamCountry "GER"]

1. e4 e6 2. d4 d5 3. Nc3 Bb4 4. e5 c5 5. a3 Bxc3+ 6. bxc3 Qc7 7. Qg4 Ne7 8. Qxg7 Rg8 9. Qxh7 cxd4 10. Ne2 Nbc6 11. f4 Bd7 12. Qd3 dxc3 13. Qxc3 Rc8 14. Ng3 Qb6 15. Bd2 Nd4 16. Qd3 Nxc2+ 17. Kd1 Nxa1 18. Nh5 Ba4+ 19. Ke1 Nc2+ 0-1

[Event "Dortmund op-A"]
[Site "Dortmund"]
[Date "2004.07.28"]
[Round "6"]
[White "Kleymann, Jelena"]
[Black "Klatt, Peter"]
[Result "0-1"]
[WhiteElo "1913"]
[BlackElo "2042"]
[PlyCount "72"]
[EventDate "2004.07.??"]
[EventType "swiss"]
[EventRounds "9"]
[EventCountry "GER"]
[SourceTitle "EXT 2006"]
[Source "ChessBase"]
[SourceDate "2005.11.24"]
[SourceVersion "1"]
[SourceVersionDate "2005.11.24"]
[SourceQuality "1"]

1. Nf3 Nf6 2. g3 c5 3. d3 Nc6 4. Bg2 d5 5. 0-0 g6 6. Nbd2 Bg7 7. e4 0-0 8. c3 e5 9. Re1 d4 10. c4 Nh5 11. Nh4 Nf4 12. gxf4 Qxh4 13. Nf3 Qh5 14. Ng5 Bg4 15. Bf3 Bxf3 16. Qxf3 Qxf3 17. Nxf3 Nb4 18. Rd1 f5 19. Nxe5 Bxe5 20. fxe5 fxe4 21. dxe4 Rae8 22. Bh6 Rf7 23. a3 Nc6 24. f4 g5 25. Bxg5 Nxe5 26. fxe5 Rg7 27. Kf2 Rxg5 28. Rg1 Rexe5 29. Kf3 Kf7 30. h4 Rg6 31. Kf4 Rh5 32. Rxg6 hxg6 33. Rf1 Ke6 34. Kg4 Ke5 35. Re1 d3 36. Kg3 Kd4 0-1

[Event "Dortmund op-A"]
[Site "Dortmund"]
[Date "2004.07.24"]
[Round "2"]
[White "Strathoff, Martin"]
[Black "Kleymann, Jelena"]
[Result "1-0"]
[WhiteElo "2079"]
[BlackElo "1913"]
[PlyCount "49"]
[EventDate "2004.07.??"]
[EventType "swiss"]
[EventRounds "9"]
[EventCountry "GER"]
[SourceTitle "EXT 2006"]
[Source "ChessBase"]
[SourceDate "2005.11.24"]
[SourceVersion "1"]
[SourceVersionDate "2005.11.24"]
[SourceQuality "1"]

1. d4 Nf6 2. c4 e6 3. Nc3 Bb4 4. e3 d5 5. Bd3 0-0 6. Nge2 dxc4 7. Bxc4 c5 8. 0-0 Bd7 9. a3 cxd4 10. exd4 Be7 11. Qd3 Bc6 12. Bg5 Nbd7 13. Rad1 Nb6 14. Ba2 g6 15. Rfe1 Nfd5 16. Bxe7 Qxe7 17. Qg3 Qc7 18. Qg4 Nf6 19. Qg5 Kg7 20. Nf4 h6 21. Qg3 Qd8 22. Rxe6 fxe6 23. Qxg6+ Kh8 24. Qxh6+ Nh7 25. Ng6+ 1-0

[Event "Ruhrgebiet-ch"]
[Site "Oberhausen"]
[Date "2004.06.13"]
[Round "4"]
[White "Kleymann, Jelena"]
[Black "Solberg, Kirsten"]
[Result "1/2-1/2"]
[WhiteElo "1914"]
[BlackElo "1824"]
[PlyCount "28"]
[EventDate "2004.06.10"]
[EventType "swiss"]
[EventRounds "7"]
[EventCountry "GER"]
[SourceTitle "EXT 2006"]
[Source "ChessBase"]
[SourceDate "2005.11.24"]
[SourceVersion "1"]
[SourceVersionDate "2005.11.24"]
[SourceQuality "1"]

1. e4 c5 2. Nf3 Nc6 3. d4 cxd4 4. Nxd4 Nf6 5. Nc3 d6 6. Bg5 e6 7. Qd2 Be7 8. 0-0-0 Nxd4 9. Qxd4 0-0 10. Bxf6 Bxf6 11. Qxd6 Qa5 12. Bc4 Bxc3 13. bxc3 Qxc3 14. Bb3 Qa1+ 1/2-1/2

[Event "Dortmund-ch"]
[Site "Dortmund"]
[Date "2004.03.08"]
[Round "4"]
[White "Kleymann, Jelena"]
[Black "Hardt, Helmut"]
[Result "1-0"]
[WhiteElo "1865"]
[BlackElo "1766"]
[PlyCount "65"]
[EventDate "2004.03.01"]
[EventType "swiss"]
[EventRounds "9"]
[EventCountry "GER"]
[SourceTitle "EXT 2006"]
[Source "ChessBase"]
[SourceDate "2005.11.24"]
[SourceVersion "1"]
[SourceVersionDate "2005.11.24"]
[SourceQuality "1"]

1. e4 e6 2. d4 d5 3. Nc3 Bb4 4. e5 c5 5. a3 Ba5 6. b4 cxb4 7. Nb5 Bc7 8. Qg4 g6 9. axb4 Nc6 10. c3 a5 11. Bd3 Bd7 12. Ne2 Na7 13. Bg5 Qc8 14. Nxc7+ Qxc7 15. Rxa5 b6 16. Ra2 Rc8 17. 0-0 Nb5 18. Rc1 Qb7 19. Rca1 Kf8 20. Qf4 Nc7 21. h4 Ra8 22. Rxa8+ Nxa8 23. h5 gxh5 24. Ng3 Nc7 25. Nxh5 Ne8 26. Nf6 Nexf6 27. exf6 h6 28. Bh4 h5 29. Qd6+ Ke8 30. Bg5 h4 31. Ra6 Qc6 32. Qb8+ Qc8 33. Ra8 1-0

[Event "Dortmund op-B"]
[Site "Dortmund"]
[Date "2003.08.09"]
[Round "8"]
[White "Kleymann, Jelena"]
[Black "Ozerov, Ilja"]
[Result "0-1"]
[WhiteElo "1845"]
[BlackElo "1779"]
[PlyCount "20"]
[EventDate "2003.08.01"]
[EventType "swiss"]
[EventRounds "9"]
[EventCountry "GER"]
[SourceTitle "CBM 095 Extra"]
[Source "ChessBase"]
[SourceDate "2003.09.04"]
[SourceVersion "1"]
[SourceVersionDate "2003.09.04"]
[SourceQuality "1"]

1. e4 e6 2. d4 d5 3. e5 c5 4. Qg4 Qa5+ 5. Nd2 Nc6 6. Ngf3 Nb4 7. Kd1 c4 8. c3 Qa4+ 9. b3 cxb3 10. cxb4 b2+ 0-1

[Event "Dortmund op-B"]
[Site "Dortmund"]
[Date "2003.08.08"]
[Round "7"]
[White "Luft, Dennis"]
[Black "Kleymann, Jelena"]
[Result "0-1"]
[WhiteElo "1748"]
[BlackElo "1845"]
[PlyCount "54"]
[EventDate "2003.08.01"]
[EventType "swiss"]
[EventRounds "9"]
[EventCountry "GER"]
[SourceTitle "CBM 095 Extra"]
[Source "ChessBase"]
[SourceDate "2003.09.04"]
[SourceVersion "1"]
[SourceVersionDate "2003.09.04"]
[SourceQuality "1"]

1. e4 e6 2. d4 d5 3. exd5 exd5 4. Bd3 c5 5. dxc5 Bxc5 6. Nf3 Nf6 7. 0-0 0-0 8. h3 Qc7 9. Re1 Bxh3 10. Be3 Bxe3 11. Rxe3 Bg4 12. Qe1 Nc6 13. c3 Rfe8 14. Nbd2 Re7 15. Nd4 Rae8 16. Rc1 Qf4 17. Nxc6 Rxe3 18. fxe3 Rxe3 19. Ne7+ Kf8 20. Qf1 Qxf1+ 21. Bxf1 Kxe7 22. Nb3 Ne4 23. Nd4 Nd6 24. Kf2 Re5 25. Bd3 g6 26. Rf1 Bf5 27. Bb5 Nxb5 0-1

[Event "Dortmund op-B"]
[Site "Dortmund"]
[Date "2003.08.03"]
[Round "3"]
[White "Ziemek, Gerhard"]
[Black "Kleymann, Jelena"]
[Result "1-0"]
[WhiteElo "1726"]
[BlackElo "1845"]
[PlyCount "169"]
[EventDate "2003.08.01"]
[EventType "swiss"]
[EventRounds "9"]
[EventCountry "GER"]
[SourceTitle "CBM 095 Extra"]
[Source "ChessBase"]
[SourceDate "2003.09.04"]
[SourceVersion "1"]
[SourceVersionDate "2003.09.04"]
[SourceQuality "1"]

1. e4 e6 2. d4 d5 3. Nc3 Bb4 4. Bd3 c5 5. a3 Ba5 6. exd5 exd5 7. Nf3 Nc6 8. Bb5 Bg4 9. Be3 Nge7 10. dxc5 Bxc3+ 11. bxc3 0-0 12. 0-0 Qa5 13. Bxc6 bxc6 14. Bd4 Rfe8 15. Qd3 Bf5 16. Qd2 Rab8 17. Ne5 f6 18. Nd3 Ng6 19. h3 Ne5 20. Nb4 Qa4 21. Rfe1 Nc4 22. Qf4 Bxc2 23. Rxe8+ Rxe8 24. Qc7 Ne5 25. Bxe5 fxe5 26. Nxc6 Qe4 27. Ne7+ Kh8 28. Qd7 Rf8 29. Nxd5 Qe2 30. f3 h6 31. Qg4 e4 32. fxe4 Qf2+ 33. Kh1 Qxc5 34. Nf4 Qxc3 35. Ng6+ Kg8 36. Qe6+ Rf7 37. Rf1 Bb3 38. Qe8+ Kh7 39. Nf8+ Rxf8 40. Qxf8 Bc4 41. Qf5+ Kg8 42. Qc8+ Kh7 43. Rf8 Qe1+ 44. Kh2 Qxe4 45. Qf5+ Qxf5 46. Rxf5 Kg6 47. g4 a6 48. Kg3 Be6 49. Rc5 Bd7 50. h4 Kf6 51. Kf4 Kg6 52. Rd5 Bb5 53. Rd6+ Kf7 54. Ke5 Be2 55. Rd7+ Kg6 56. Rd6+ Kf7 57. g5 h5 58. g6+ Ke7 59. Rd2 Bc4 60. Rc2 Bd3 61. Rc7+ Kf8 62. Rc6 Ke7 63. Kd4 Bb5 64. Rc7+ Kf6 65. Rb7 Kxg6 66. Ke5 Bd3 67. a4 Be2 68. a5 Bf1 69. Rb6+ Kf7 70. Kf5 Bd3+ 71. Kg5 Be2 72. Rb7+ Ke6 73. Rxg7 Kd6 74. Kf4 Kc5 75. Rg2 Bd1 76. Ke3 Kb4 77. Rd2 Ba4 78. Rd5 Be8 79. Re5 Bf7 80. Kf4 Kc4 81. Kg5 Kd4 82. Kf6 Bg6 83. Rg5 Be8 84. Ke7 Bb5 85. Rxh5 1-0